000 01512nam a2200337 4500
003 EG-GICUC
005 20260121101347.0
008 251126s1931 wj ||||fr|||| 00| 0 ara d
040 _a EG-GICUC
_bara
_c EG-GICUC
_d EG-GICUC
_erda
041 _aara
082 0 4 _221
_a341.8
_bف ر . ق
092 0 4 _221
099 _aLaw1 12 341.8 ف ر . ق 1931
100 0 _aفريدريك م. كودبى
_eمؤلف.
245 1 2 _aالقانون الدولى والمللى الخاص فى فلسطين والشرق الأدنى :
_bيدرس فى معهد الحقوق لحكومة فلسطين فى القدس /
_cفريدريك م. كودبى ؛ حسن صدقى الدجانى، صلاح الدين العباسى.
264 3 _aالقدس :
_bمطبعة بيت المقدس،
_c1931.
300 _a416 صفحة
_c24 سم
336 _2rda content
_atext
337 _2rda media
_aComputer
338 _2rda carrier
_aOnline Resource
500 _aيحتوي على جدول بالخطأ والصواب
504 _aيحتوي على ارجاعات ببليوجرافية يحتوي على قائمة بالمراجع
546 _aالنص أغلبه باللغة العربية مع بعض النصوص الإنجليزية
650 1 _2qrmak
651 1 _2qrmak
700 _aصلاح الدين العباسى
_eمترجم.
700 _a حسن صدقى الدجانى
_eمترجم.
856 4 0 _uhttps://fll.law.cu.edu.eg/fulltext/bks/B12-01515.pdf
905 _a75
_eYara
942 _2ddc
_n0
_cBK
_e21
999 _c46202
_d46202